Le classement final de la liga (saison 2023-2024) - Statistiques

Statistiques générales
  • Ce quiz a été pris 87 fois
  • Le résultat moyen est 11 sur 20
Statistiques - réponses
Classement
Nombre
de points
Équipe % Correct
1 95 Real Madrid
100%
2 85 Barcelone
96%
4 76 Atletico Madrid
92%
14 41 Seville
80%
3 81 Gérone
74%
9 49 Valence
68%
8 53 Villarreal
65%
6 60 Real Sociedad
61%
7 57 Betis Seville
58%
5 68 Athletic Bilbao
51%
16 40 Las Palmas
47%
12 43 Getafe
46%
19 21 Almeria
42%
11 45 Osasuna
41%
18 33 Cadix
35%
13 41 Celta Vigo
35%
20 21 Grenade
35%
15 40 Majorque
35%
17 38 Rayo Vallecano
35%
10 46 Alaves
28%
Aucun quiz correspondant
Distribution des résultats
% des personnes avec chaque résultat
Percentile par nombre de réponses
Votre historique - résultats
Vous n’avez pas pris ce quiz